000 01057 a2200229 4500
001 21308
005 20260407155504.0
008 260407a2013 arg spa d
003 AR-UNSa-BCEJYS
040 _aAR-UNSa-BCEJYS
_bspa
_cAR-UNSa-BCEJYS
080 _a336.2
_xIngresos públicos (Derecho tributario)
245 1 0 _aCurso de derecho tributario
_pingresos públicos, normas tributarias, relación jurídica tributaria
020 _a978-9974-708-07-5
250 _a4a. ed.
264 1 _aMontevideo :
_bB de F
_c2013
300 _axxxi, 424 p.
_c23 cm.
505 _a1. Los ingresos públicos - 2. Precios financieros - 3. Teoría de los tributos - 4. El impuesto - 5. La tasa - 6. La contribución especial - 7. Las normas tributarias - 8. Interpretación - 9. La relación jurídica tributaria - 10. Proceso formativo de la obligación
942 _cBK
590 _aniveau_biblio:m niveau_hierar:0
100 1 _aValdés Costa, Ramón
856 4 1 _uhttps://biblioeco.unsa.edu.ar/pmb/images/libros/Derecho Tributario.jpg
_yImagen de portada
_qimage/jpeg
999 _c803
_d803